A felmondás határideje magánalkalmazottaknál adalékok három készülő jogegységi határozathoz /

Elmentve itt :
Bibliográfiai részletek
Szerző: Fabinyi Tihamér
Dokumentumtípus: Cikk
Megjelent: 1930
Sorozat:Polgári jog : a hazai és külföldi magánjog és hiteljog szemléje 6
Kulcsszavak:Munkajog felmondás
Online Access:http://misc.bibl.u-szeged.hu/5808
LEADER 00678nab a2200169 i 4500
001 misc5808
005 20191106142632.0
008 170607s1930 hu o 0|| hun d
040 |a SZTE Miscellanea Repozitórium  |b hun 
041 |a hun 
100 1 |a Fabinyi Tihamér 
245 1 2 |a A felmondás határideje magánalkalmazottaknál   |h [elektronikus dokumentum] :  |b adalékok három készülő jogegységi határozathoz /  |c  Fabinyi Tihamér 
260 |c 1930 
300 |a 1-15d 
490 0 |a Polgári jog : a hazai és külföldi magánjog és hiteljog szemléje  |v 6 
695 |a Munkajog felmondás 
856 4 0 |u http://misc.bibl.u-szeged.hu/5808/1/polgari_jog_1930_001-015d.pdf  |z Dokumentum-elérés